<?xml version="1.0" encoding="UTF-8"?><?xml-stylesheet type="text/xsl" href="static/style.xsl"?><OAI-PMH xmlns="http://www.openarchives.org/OAI/2.0/" xmlns:xsi="http://www.w3.org/2001/XMLSchema-instance" xsi:schemaLocation="http://www.openarchives.org/OAI/2.0/ http://www.openarchives.org/OAI/2.0/OAI-PMH.xsd"><responseDate>2026-04-27T12:32:35Z</responseDate><request verb="GetRecord" identifier="oai:uvadoc.uva.es:10324/3848" metadataPrefix="marc">https://uvadoc.uva.es/oai/request</request><GetRecord><record><header><identifier>oai:uvadoc.uva.es:10324/3848</identifier><datestamp>2021-06-29T09:38:03Z</datestamp><setSpec>com_10324_38</setSpec><setSpec>col_10324_852</setSpec></header><metadata><record xmlns="http://www.loc.gov/MARC21/slim" xmlns:doc="http://www.lyncode.com/xoai" xmlns:xsi="http://www.w3.org/2001/XMLSchema-instance" xmlns:dcterms="http://purl.org/dc/terms/" xsi:schemaLocation="http://www.loc.gov/MARC21/slim http://www.loc.gov/standards/marcxml/schema/MARC21slim.xsd">
<leader>00925njm 22002777a 4500</leader>
<datafield tag="042" ind1=" " ind2=" ">
<subfield code="a">dc</subfield>
</datafield>
<datafield tag="720" ind1=" " ind2=" ">
<subfield code="a">García Frías, Gonzalo</subfield>
<subfield code="e">author</subfield>
</datafield>
<datafield tag="260" ind1=" " ind2=" ">
<subfield code="c">2013</subfield>
</datafield>
<datafield tag="520" ind1=" " ind2=" ">
<subfield code="a">Dentro del marco AICLE en el que se desarrollan diversos programas bilingües en España, una de las asignaturas que se enseñan en inglés es “Conocimiento del medio natural social y cultural”. En los últimos cursos de Educación Primaria se introduce a los alumnos en el estudio de la Geografía y de la Historia. El problema que se plantea a la hora de enseñar Geografía e Historia de España en inglés es la ausencia de recursos para tal fin. El método por proyectos ofrece una singular estrategia metodológica que invita a los alumnos a trabajar en grupos, investigar, pensar de forma autónoma y crear con un objetivo final concreto. “Life in black and white” es una propuesta de proyecto de clase para trabajar cómo era la vida a principios del siglo XX posibilitando a los alumnos entender su propio estilo de vida. El objetivo final del proyecto es elaborar una exposición en el centro para mostrar distintos aspectos de la vida hace cien años.</subfield>
</datafield>
<datafield tag="024" ind2=" " ind1="8">
<subfield code="a">http://uvadoc.uva.es/handle/10324/3848</subfield>
</datafield>
<datafield ind1=" " ind2=" " tag="653">
<subfield code="a">Educación primaria</subfield>
</datafield>
<datafield ind1=" " ind2=" " tag="653">
<subfield code="a">Proyectos en el aula</subfield>
</datafield>
<datafield tag="245" ind1="0" ind2="0">
<subfield code="a">El uso de proyectos en las clases de "science" en Educación Primaria</subfield>
</datafield>
</record></metadata></record></GetRecord></OAI-PMH>